01511naa a2200193 a 450000100080000000500110000800800410001910000170006024501220007726000090019952009000020865000110110865000120111965000100113165000170114170000170115870000240117577301180119911337862023-10-04 2021 bl uuuu u00u1 u #d1 aALVES, J. R. aInsumos Agropecu??riobComportamento dos pre??os nas culturas de milho, soja e arroz irrigado.h[electronic resource] c2021 aO presente trabalho analisou o comportamento dos pre??os desses insumos para as culturas do milho, da soja e do arroz irrigado no estado de Santa Catarina. A an??lise tamb??m abordou a evolu????o dos pre??os ao longo do tempo e sua rela????o com a um ??ndice inflacion??rio representativo do setor. Observamos no estudo que, o aumento da demanda de determinado insumos, gera como consequ??ncia uma eleva????o nos pre??os pagos pelos produtores. Como os produtores normalmente n??o trabalham com estoques de insumos, ficam vulner??veis ??s oscila????es de pre??os reguladas pelo mercado, onde outros atores que det??m informa????es sobre oferta e demanda, interferem na din??mica do mercado de insumos. Assim, resultados de safras anteriores e as expectativas com rela????o ao processo de comercializa????o, possuem rela????o direta com a forma????o de pre??os e influenciam na renda do produtor. aInsumo apre??os asafra asazonalidade1 aELIAS, H. T.1 aGOULART J??NIOR, R. tIn: CONGRESSO BRASILEIRO DE AGRONOMIA, 32., 2021, Florian??polis. Anais... Bras??lia : CONFAEAB, 2021. p. 615-620